| 000 | 01500cam a2200337 i 4500 | ||
|---|---|---|---|
| 001 | 61350 | ||
| 003 | Mx-PuUPA | ||
| 005 | 20240410104058.0 | ||
| 008 | 140714s2011 mx gr 000 spa d | ||
| 020 | _a9786074383942 | ||
| 040 |
_aMx-PuUPA _bspa _cMx-PuUPA _dMx-PuUPA _erda |
||
| 041 | 1 |
_aspa _heng |
|
| 100 | 1 |
_aQualman, Erik, _d1972- _eautor _913721 |
|
| 240 | 1 | 0 |
_aSocialnomics. How social media transforms the way we live and do business. _lEspañol |
| 245 | 1 | 0 |
_aSocialnomics : _bcómo transforman los medios sociales el modo en que vivimos y hacemos negocios / _cErik Qualman ; dirección editorial, Javier Enrique Callejas ; traducción, Susana Margarita Olivares Bari [y otro] |
| 250 | _aPrimera edición | ||
| 264 | 1 |
_aMéxico, D.F. : _bGrupo Editorial Patria, _c©2011 |
|
| 300 |
_a295 paginas ; _c23 cm |
||
| 336 |
_atexto _2rdacontent _btxt |
||
| 337 |
_asin medio _2rdmedia _bn |
||
| 338 |
_avolumen _2rdacarrier _bnc |
||
| 650 | 7 |
_2armarc _aRedes sociales _xAspectos económicos |
|
| 650 | 7 |
_2armarc _aMedios sociales _xMercadeo por internet |
|
| 650 | 7 |
_2armarc _aMedios sociales _xComercio electrónico |
|
| 700 | 1 |
_aEnrique Callejas, Javier, _edirector |
|
| 700 | 1 |
_aOlivares Bari, Susana Margarita, _etraductor |
|
| 765 | 0 | 8 |
_aQualman, Erik, 1972- _dHoboken, New Jersey : John Wiley & Son, ©2009 _tSocialnomics. How social media transforms the way we live and do business. |
| 942 |
_2ddc _cLI _h658.872 _iQ12 |
||
| 999 |
_c61350 _d61350 |
||